Curriculum design in physical education (Record no. 347)

MARC details
000 -LEADER
fixed length control field 00702 a2200229 4500
003 - CONTROL NUMBER IDENTIFIER
control field 0
005 - DATE AND TIME OF LATEST TRANSACTION
control field 20180703160412.0
008 - FIXED-LENGTH DATA ELEMENTS--GENERAL INFORMATION
fixed length control field 0
010 ## - LIBRARY OF CONGRESS CONTROL NUMBER
LC control number ENG-84774
020 ## - INTERNATIONAL STANDARD BOOK NUMBER
International Standard Book Number 8175243252
Terms of availability 500.00
035 ## - SYSTEM CONTROL NUMBER
System control number EN-68307, B-224913
037 ## - SOURCE OF ACQUISITION
Source of stock number/acquisition D.B.Act / Pub
040 ## - CATALOGING SOURCE
Transcribing agency 0
082 ## - DEWEY DECIMAL CLASSIFICATION NUMBER
Classification number 796
100 ## - MAIN ENTRY--PERSONAL NAME
Personal name Sharma, J. P.
245 ## - TITLE STATEMENT
Title Curriculum design in physical education
Statement of responsibility, etc by J. P. Sharma
260 ## - PUBLICATION, DISTRIBUTION, ETC. (IMPRINT)
Place of publication, distribution, etc New Delhi
Name of publisher, distributor, etc Khel Sahitya Kendra
Date of publication, distribution, etc 2006
270 ## - ADDRESS
Address 7/26, Ansari Road, Darya Ganj,
City New Delhi
State or province Delhi
Postal code 110002
Telephone number 55190343, 42564726
Fax number 42564726
Electronic mail address khelsahitya1@rediffmail.com
300 ## - PHYSICAL DESCRIPTION
Extent 290 p.
Dimensions 21 cm (Hb)
650 ## - SUBJECT ADDED ENTRY--TOPICAL TERM
Topical term or geographic name as entry element Physical education
942 ## - ADDED ENTRY ELEMENTS (KOHA)
Institution code [OBSOLETE] dpl
Koha item type English Books
Call number prefix 796 / SHA
Source of classification or shelving scheme Dewey Decimal Classification
Classification part 796
Call number suffix SHA
Holdings
Withdrawn status Lost status Damaged status Not for loan Home library Current library Date acquired Cost, normal purchase price Total Checkouts Full call number Barcode Date last seen Copy number Uniform Resource Identifier Cost, replacement price Price effective from Koha item type Source of classification or shelving scheme Collection code Source of acquisition
        D.B.Act.Division D.B.Act.Division 20/08/2008 500.00   796 SHA EN-68307 15/09/2008 1 356 500.00 15/09/2008 English Books      
        Patel Nagar Patel Nagar 03/07/2018 500.00   796 SHA B-224913 03/07/2018     500.00 03/07/2018 English Books Dewey Decimal Classification Non-fiction BPPD/Pub

© Delhi Public Library
Hit Counter
free hit counter